|
|
|
|
| LEADER |
01291nam a2200349 a 4500 |
| 001 |
000572731 |
| 003 |
CZ BrMZK |
| 005 |
20220120212326.0 |
| 007 |
ta |
| 008 |
010926s2001 xr e c cze d |
| 040 |
|
|
|a BOA001
|b cze
|
| 041 |
1 |
|
|a cze
|a eng
|
| 043 |
|
|
|a e------
|
| 045 |
|
|
|a t-x-
|
| 072 |
|
7 |
|a 72/76
|x Výtvarné umění
|2 Konspekt
|9 21
|
| 080 |
|
|
|a 72/76(4)
|2 MRF
|
| 080 |
|
|
|a 72/76.071.1
|2 MRF
|
| 080 |
|
|
|a (4)
|2 MRF
|
| 080 |
|
|
|a (083.824)
|2 MRF
|
| 245 |
0 |
0 |
|a Pohled Medúsy :
|b evropské umění šesti století : [Moravská galerie v Brně, Místodržitelský palác, Moravské náměstí 1a, Brno : katalog výstavy]
|
| 246 |
3 |
1 |
|a Medusa's look
|
| 260 |
|
|
|a Brno :
|b Moravská galerie,
|c 2001
|
| 300 |
|
|
|a [28] s. :
|b il. ;
|c 10 x 22 cm
|
| 500 |
|
|
|a Souběžný název a text též anglicky
|
| 648 |
|
4 |
|a 16.-20. stol.
|
| 650 |
0 |
7 |
|a evropské výtvarné umění
|7 ph120080
|y 16.-20. stol.
|2 czenas
|
| 650 |
0 |
7 |
|a výtvarní umělci
|7 ph116709
|z Evropa
|y 16.-20. stol.
|2 czenas
|
| 655 |
|
7 |
|a katalogy výstav
|7 fd132536
|2 czenas
|
| 710 |
2 |
|
|a Moravská galerie (Brno, Česko).
|b Místodržitelský palác
|7 kn20030612017
|
| 910 |
|
|
|a BOA001
|b 2-1093.302
|
| 990 |
|
|
|a BK
|
| 996 |
6 |
|
|b 2610148230
|c 2-1093.302
|l MZK
|r Sklad / do 1 hodiny
|n 22
|p p.v.
|w 000572731
|u 000010
|a 1
|e BOA001
|j MZK50
|s P
|